Normal view
MARC view
- المكتبات العامة
Entry Topical Term
001 - CONTROL NUMBER
- control field: 24480
003 - CONTROL NUMBER IDENTIFIER
- control field: JO-AjAnu
005 - DATE AND TIME OF LATEST TRANSACTION
- control field: 20230606074209.0
008 - FIXED-LENGTH DATA ELEMENTS
- fixed length control field: 230606|| aca||aabn | a|a d
040 ## - CATALOGING SOURCE
- Original cataloging agency: JO-AjAnu
- Transcribing agency: JO-AjAnu
150 ## - HEADING--TOPICAL TERM
- Topical term or geographic name entry element: المكتبات العامة
670 ## - SOURCE DATA FOUND
- Source citation: Work cat.: (JO-AjAnu)12590: عبدالهادي، محمد فتحي/م مشارك نبيلة جمعة , author 24479, المكتبات العامة